| 000 | 00866cam a2200313 4500500 | ||
|---|---|---|---|
| 005 | 20260405003452.0 | ||
| 041 | _afre | ||
| 042 | _adc | ||
| 100 | 1 | 0 |
_aEltchaninoff, Michel _eauthor |
| 245 | 0 | 0 | _aLe fond de l’air est bleu |
| 260 | _c2022. | ||
| 500 | _a87 | ||
| 690 | _aAutorité | ||
| 690 | _aCapitalisme | ||
| 690 | _aDiscrimination | ||
| 690 | _aDroite | ||
| 690 | _aÉlection présidentielle 2022 | ||
| 690 | _aGramsci | ||
| 690 | _aHégémonie | ||
| 690 | _aidées | ||
| 690 | _aInégalités | ||
| 690 | _aJérôme Fourquet | ||
| 690 | _aLutte des classes | ||
| 690 | _aRéaction | ||
| 690 | _aTransformation | ||
| 690 | _awoke | ||
| 786 | 0 | _nPhilosophie magazine | 157 | 3 | 2022-03-01 | p. 22-23 | 1951-1787 | |
| 856 | 4 | 1 | _uhttps://shs.cairn.info/magazine-philosophie-magazine-2022-3-page-22?lang=fr&redirect-ssocas=7080 |
| 999 |
_c2067825 _d2067825 |
||